000 00532nam a2200193Ia 4500
005 20250508151918.0
008 008 250505s9999 xx 000 0 eng d
037 _aTextual
040 _aFEDL
_beng
_cFEDL
041 _aeng
_2eng
084 _a370.7, FAU
_qFEDL
100 _aFaulkner Ray N.
_9760353
245 0 _aTeachers enjoy the arts
260 _aWashington, USA
_bAmerican Council on Education
_c1943
300 _a57p.
650 _aEducation
942 _cTEXL
_h370.7, FAU
999 _c1332897
_d1332897